ბათუმის შოთა რუსთაველის სახელმწიფო უნივერსიტეტის ბიბლიოთეკა

Спектральная теория, (ბიბ.ჩანაწერი № 38852)

000 -LEADER
fixed length control field 00564nam a2200205Ia 4500
001 - CONTROL NUMBER
control field 5262
003 - CONTROL NUMBER IDENTIFIER
control field GE_BSU
008 - FIXED-LENGTH DATA ELEMENTS--GENERAL INFORMATION
fixed length control field 181216s||||||||xx |||||||||||||| ||und||
040 ## - CATALOGING SOURCE
Transcribing agency GE_BSU
080 ## - UNIVERSAL DECIMAL CLASSIFICATION NUMBER
Universal Decimal Classification number 512+517.98
100 ## - MAIN ENTRY--PERSONAL NAME
Personal name Бурбаки, Н.
245 ## - TITLE STATEMENT
Title Спектральная теория,
245 ## - TITLE STATEMENT
Statement of responsibility, etc. Пер. с франц А В..Н Гурария. Под. ред. Е.А. Горина
260 ## - PUBLICATION, DISTRIBUTION, ETC.
Place of publication, distribution, etc. Москва
260 ## - PUBLICATION, DISTRIBUTION, ETC.
Name of publisher, distributor, etc. Мир
260 ## - PUBLICATION, DISTRIBUTION, ETC.
Date of publication, distribution, etc. 1972
300 ## - PHYSICAL DESCRIPTION
Extent 183 с.22 см.
653 ## - INDEX TERM--UNCONTROLLED
Uncontrolled term Спектральная теория
942 ## - ADDED ENTRY ELEMENTS (KOHA)
Koha item type წიგნი
ეგზემპლარები
Withdrawn status Lost status Damaged status Not for loan Date acquired Barcode Date last seen Price effective from Koha item type
        2018-12-17 16272 2018-12-17 2018-12-17 წიგნი
        2018-12-17 16273 2018-12-17 2018-12-17 წიგნი
        2018-12-17 16274 2018-12-17 2018-12-17 წიგნი